00339 a2200109 4500001001000000005001700010008004100027245007100068100002100139773005200160999001700212ART_2496120260410161933.0260409a 10aLa influencia del avance técnico en la sustitución de factores1 aWainer, Pedro H.0 tInformeg- Año I, Nº 6 (dic. 1969)wREV23765 c28779d28779